| 000 | 01140cam a22002657a 4500 | ||
|---|---|---|---|
| 020 | _a9189584473 | ||
| 020 | _a9789189584471 | ||
| 050 | 0 | 0 |
_aGC1085 _b.C47 2006 |
| 245 | 0 | 0 |
_aChallenges to international waters : _bregional assessments in a global perspective / _cGlobal International Waters Assessment. |
| 260 |
_aNairobi, Kenya : _bUnited Nations Environment Programme, _c2006. |
||
| 300 | _a120 p. : | ||
| 500 | _a"The GIWA final report." | ||
| 500 | _a"Published by the United Nations Environment Programme in collaboration with GEF, the University of Kalmar, and the Municipality of Kalmar, Sweden, and the Governments of Sweden, Finland and Norway"--T.p. verso. | ||
| 650 | 0 | _xPollution. | |
| 650 | 0 | _xInternational cooperation. | |
| 650 | 0 | _xInternational cooperation. | |
| 650 | 0 | _bMarine pollution. | |
| 650 | 0 |
_bWater _vPollution. |
|
| 650 | 0 | _xConservation. | |
| 650 | 0 |
_bEnvironmental protection _vInternational cooperation. |
|
| 856 | 4 | 1 | _uhttp://bibpurl.oclc.org/web/17480 |
| 856 | 4 | 1 | _uhttp://www.giwa.net/publications/finalreport/ |
| 856 | 4 | 1 | _uhttp://www.loc.gov/catdir/toc/fy0801/2007380914.html |
| 942 | _cGEN | ||
| 999 |
_c3769 _d3769 |
||